El Món des d'una rajola : exposició itinerant exposició itinerant
Publicado:
Barcelona :
Diputació de Barcelona. Àrea de Cultura. Oficina de Patrimoni Cultural, [2009]
Descripción Física:
[80] p. : il. col. ; 30 cm
MARC
| LEADER | 00000nam a2200000Ia 4500 | ||
|---|---|---|---|
| 001 | 23843 | ||
| 008 | 160829s9999 xx 000 0 cat d | ||
| 080 | |a Bib-72 | ||
| 245 | |a El Món des d'una rajola : |b exposició itinerant | ||
| 260 | |a Barcelona : |b Diputació de Barcelona. Àrea de Cultura. Oficina de Patrimoni Cultural, [2009] | ||
| 300 | |a [80] p. : |b il. col. ; |c 30 cm | ||
| 650 | |a Exposicions itinerants |x Barcelona (Província) |9 49665 | ||
| 710 | 1 | |a Barcelona (Catalunya : Província). |b Oficina de Patrimoni Cultural |9 52675 | |
| 901 | |a Arxiu | ||
| 942 | |n 1 | ||
| 952 | |0 0 |1 0 |4 0 |6 BIB72 |7 1 |9 55522 |a Arxiu |b Arxiu |d 2016-12-01 |l 0 |o Bib-72 |p 23843 |r 2016-12-01 00:00:00 |w 2016-12-01 |y ARXIU | ||
| 999 | |c 59395 |d 59395 | ||